[Event "Valles Occidental-ch U14 qual"]
[Site "Sabadell"]
[Date "2012.02.25"]
[Round "5.3"]
[White "Garcia Acosta, Carla"]
[Black "Pescador Muelas, Daniel"]
[Result "1-0"]
[WhiteElo "1793"]
[BlackElo "1700"]
[PlyCount "49"]
[EventDate "2012.01.21"]
[EventType "swiss"]
[EventRounds "6"]
[EventCountry "ESP"]
[SourceTitle "EXT 2024"]
[Source "ChessBase"]
[SourceDate "2023.10.10"]
[SourceVersion "1"]
[SourceVersionDate "2023.10.10"]
[SourceQuality "1"]

1. e4 e5 2. Nf3 Nc6 3. Bc4 Nf6 4. d3 Bc5 5. 0-0 0-0 6. Bg5 d6 7. h3 Nd4 8. Nxd4 Bxd4 9. c3 Bb6 10. Nd2 Bd7 11. Nf3 a5 12. Re1 a4 13. a3 c6 14. d4 c5 15. dxe5 dxe5 16. Nxe5 Bxh3 17. Qxd8 Raxd8 18. gxh3 Bc7 19. Nf3 Rfe8 20. e5 Rd7 21. exf6 Rxe1+ 22. Rxe1 gxf6 23. Bh6 Rd8 24. Re7 Rc8 25. Rxf7 1-0

[Event "Valles Occidental-ch U14 qual"]
[Site "Sabadell"]
[Date "2012.01.21"]
[Round "1.4"]
[White "Pescador Muelas, Daniel"]
[Black "Arco Alonso, Daniel"]
[Result "0-1"]
[WhiteElo "1700"]
[BlackElo "1811"]
[PlyCount "100"]
[EventDate "2012.01.21"]
[EventType "swiss"]
[EventRounds "6"]
[EventCountry "ESP"]
[SourceTitle "EXT 2024"]
[Source "ChessBase"]
[SourceDate "2023.10.10"]
[SourceVersion "1"]
[SourceVersionDate "2023.10.10"]
[SourceQuality "1"]

1. e4 c5 2. Nf3 e6 3. Nc3 a6 4. d4 cxd4 5. Nxd4 Qc7 6. Bd3 Bb4 7. Nde2 Nf6 8. f3 0-0 9. Be3 d5 10. Qd2 dxe4 11. fxe4 Rd8 12. e5 Nd5 13. Bb6 Qxb6 14. Qg5 Nxc3 15. bxc3 Be7 16. Qg3 Nc6 17. Qh3 g6 18. Nf4 Nxe5 19. Be4 Nc4 20. Nh5 gxh5 21. Rf1 Qe3+ 22. Qxe3 Nxe3 23. Rf3 Nxg2+ 24. Kf1 Nh4 25. Rg3+ Ng6 26. Re1 Bh4 27. Ree3 Bxg3 28. Rxg3 Rb8 29. Rg5 b5 30. Rxh5 Bb7 31. Bd3 Rbc8 32. Rh3 Rd5 33. Be4 Rd7 34. Bd3 Rdc7 35. Rg3 Rxc3 36. Rh3 Rxc2 37. Bxc2 Rxc2 38. Ke1 Rxa2 39. Kf1 Bg2+ 40. Ke1 Bxh3 41. Kd1 Rxh2 42. Ke1 Kg7 43. Kd1 Kf6 44. Ke1 Bf1 45. Kxf1 Kf5 46. Ke1 Kg4 47. Kd1 Kf4 48. Kc1 Ke3 49. Kb1 Kd3 50. Kc1 Rg2 0-1